Environmentálne aspekty udržateľného cestovného ruchu

Podľa údajov UNWTO motívom väčšiny príjazdov v roku 2016 bola rekreácia, ktorá sa takmer výlučne viaže na prírodné prostredie. Je preto veľmi dôležité udržať prírodné prostredie, ktoré tvorí kľúčovú časť produktu v cestovnom ruchu, v pôvodnom stave. Mnohí autori riešia prípadové štúdie konkrétnych n...

Ausführliche Beschreibung

Gespeichert in:
Bibliographische Detailangaben
1. Verfasser: Plesník, Pavol
Format: Buchkapitel
Sprache:Slowakisch
Schlagworte:
Tags: Tag hinzufügen
Keine Tags, Fügen Sie das erste Tag hinzu!

MARC

LEADER 00000nla a2200000 4500
001 0247623
005 20240417075145.4
041 0 |a slo 
044 |a CZ 
245 1 0 |a Environmentálne aspekty udržateľného cestovného ruchu  |c Pavol Plesník 
520 |a Podľa údajov UNWTO motívom väčšiny príjazdov v roku 2016 bola rekreácia, ktorá sa takmer výlučne viaže na prírodné prostredie. Je preto veľmi dôležité udržať prírodné prostredie, ktoré tvorí kľúčovú časť produktu v cestovnom ruchu, v pôvodnom stave. Mnohí autori riešia prípadové štúdie konkrétnych negatívnych vplyvov cestovného ruchu v konkrétnych destináciách cestovného ruchu. Pre zabránenie negatívnych vplyvov cestovného ruchu na prostredie je nevyhnutné zaoberať sa problematikou tzv. zeleného turizmu. Najvýznamnejšie vplyvy cestovného ruchu na ekosystém. Návrhy opatrení na elimináciu nepriaznivého vplyvu cestovného ruchu na environmentálne prostredie. 
610 2 0 |a ruch cestovný 
610 2 0 |a ekológia krajiny 
610 2 0 |a prostredie prírodné 
610 2 0 |a ochrana prostredia životného 
610 2 0 |a ekosystémy 
610 2 0 |a rozvoj trvalo udržateľný 
610 2 0 |a doprava 
610 2 0 |a emisie 
100 1 |a Plesník, Pavol